Statistics for Name a Valid U.S. City

Click here to take the quiz!

General Stats

  • This quiz has been taken 9,583 times
  • The average score is 13 of 20

Answer Stats

Name a valid U.S. city ... Cities % Correct
that has hosted the Summer OlympicsLos Angeles | Atlanta | St. Louis
97%
with an elevation over 5,000 feetDenver | Albuquerque | Colorado Springs | Aurora | + 7 more
91%
whose city center is within 25 miles of a Great LakeChicago | Detroit | Milwaukee | Cleveland | Toledo | + 3 more
87%
with a population density greater than 5,000 / km2New York City | San Francisco | Jersey City | + 4 more
87%
with a University of California campusLos Angeles | San Diego | San Francisco | + 3 more
81%
whose name begins with FORTFort Worth | Fort Wayne | Fort Lauderdale | Fort Collins
78%
sharing its name with an official English cityLincoln | Durham | Birmingham | Worcester | + 4 more
71%
in Puerto RicoSan Juan | Bayamón | Carolina | Ponce | Caguas
69%
that has been the U.S. capital since 1776
* Excluding Washington, D.C.
New York City | Philadelphia | Baltimore
68%
with a population decrease of at least 5%
between 2010 and 2019
Detroit | San Juan | St. Louis | Toledo | Shreveport | + 5 more
66%
on the Missouri RiverKansas City | Omaha | St. Louis | Kansas City | Independence
61%
with a four-letter nameMesa | Reno | Cary | Waco | Kent | Bend
50%
in the Phoenix Metro Statistical Area
* Other than Phoenix itself
Mesa | Chandler | Scottsdale | Gilbert | Glendale | +3 more
48%
that is NOT one of the 10 biggest cities in its stateSanta Ana | Riverside | Stockton | Irvine | + 106 more
47%
within 200 miles of the geographical center
of the lower 48 states
Omaha | Wichita | Lincoln | Topeka
46%
in the Carolinas, on the Atlantic coastCharleston | Wilmington
46%
north of Seattle, WashingtonAnchorage | Spokane | Everett | Spokane Valley
45%
that receives less than eight inches of
precipitation annually
Las Vegas | Bakersfield | Henderson | Reno | + 4 more
44%
in Indiana, other than IndianapolisFort Wayne | Evansville | South Bend | Carmel
37%
whose name begins with the letter VVirginia Beach | Vancouver | Visalia | Victorville | + 4 more
36%

Score Distribution

Percentile by Number Answered

Percent of People with Each Score

Your Score History

You have not taken this quiz